000 00338nam a2200133Ia 4500
005 20260326100035.0
008 260326s9999||||xx |||||||||||||| ||und||
100 _aViolant i Simorra, Ramon
245 0 _aEl Arte Popular Español /
_cRamon Violant i Simorra
260 _bAymá Editores
300 _a147 p.
650 _aARTE
942 _cBK
999 _c6748
_d6748